000 00986nam a2200301 i 4500
003 EG-GICUC
005 20260127152919.0
008 260127s1923 fr ||||fr|||| 000 0 fre d
040 _aEG-GiCUC
_bfre
_cEG-GiCUC
_dEG-GiCUC
_erda
041 _afre
082 0 4 _221
_a341.81
_bEN . C
092 0 4 _221
099 _aLaw1 12 341.81 EN . C 1923
100 1 _aEngeström, E. Maxson
_eAuteur
245 1 4 _aLes Changements De Nationalité D'après Les Traités De Paix De 1919-1920
_cPar E. Maxson Engeström
264 1 _aParis :
_bA. Pédone,
_c1923.
300 _a168 pages ;
_c24 cm
_billustration ;
336 _2rda content
_atext
337 _2rda media
_aComputer
338 _2rda carrier
_aOnline Resource
504 _aBibliography: pages 200-250.
546 _aTexte en français
650 1 4 _aNationalité
_2qrmak
_xDroit international
651 1 _2qrmak
856 4 0 _uhttps://fll.law.cu.edu.eg/fulltext/bks/B12-02348.pdf
905 _a79
942 _2ddc
_cBK
_e21
_n0
999 _c59637
_d59637